000 00398nam a2200205Ia 4500
003 IT-RoPAU
008 120407s9999 xx 000 0 und d
040 _aIT-RoPAU
040 _cIT-RoPAU
041 _aita
100 _aCamille Bourniquel
245 _aIl lago
250 _aTorino
260 _aSei
260 _c1964
300 _c cm
490 _v1
942 _cBK
999 _c23103
_d23103